Statistics for Hard Eragon Characters

Click here to take the quiz!

General Stats

  • This quiz has been taken 362 times
    (314 since last reset)
  • The average score is 7 of 14

Answer Stats

HintAnswer% Correct
Last female dragon in alagaesiaSaphira
91%
Eragons cousinRoran
90%
Mysterious herbalistAngela
89%
Killed the shade VaraugArya
79%
Child who Eragon blessesElva
72%
Leader of the vardenNasuada
70%
Bane of the ForswornBrom
66%
Leader of werecatsGrimrr Halfpaw
34%
Maker of the riders swordsRhunön
32%
Last of the high old onesGlaedr
30%
Mad KingPalancar
24%
Leader of the urgalsNar Garzhvog
21%
Arya's FatherEvandar
12%
Galbatorix's first dragonJarnunvösk
6%

Score Distribution

Percentile by Number Answered

Percent of People with Each Score

Your Score History

You have not taken this quiz since the last reset